000 01147cam a22003251a 4500
001 gs 60000175
003 DLC
005 20260227111409.0
008 840925s1960 dcuab b f001 0 eng c
010 _ags 60000175
035 _a(OCoLC)11196522
040 _aU.S. Geol. Survey. Libr.
_cCLS
_dDNAL
_dOCoLC
_dDLC
050 0 0 _aTC801
_b.U2 no. 1484
051 _aQE90.S54
_bM3
070 0 _a407
_bG29W no.1484
072 0 _aP200
_aX400
082 _a557.9421
100 1 _aMack, Seymour.
245 1 0 _aGeology and ground-water features of Shasta Valley, Siskiyou County, California /
_cby Seymour Mack.
260 _aWashington, D.C. :
_bU.S. G.P.O.,
_c1960.
300 _av, 115 p. :
_bill., maps ;
_c24 cm.
440 0 _aGeological Survey water-supply paper ;
_v1484
500 _a"Prepared in cooperation with the California Division of Water Resources."
500 _aTwo folded maps in pocket.
504 _aBibliography: p. 110-111.
500 _aIncludes index.
650 0 _aGeology
_zCalifornia
_zSiskiyou County.
650 0 _aGroundwater
_zCalifornia
_zSiskiyou County.
650 0 _aWater-supply
_zCalifornia
_zSiskiyou County.
999 _c29434
_d29434